• 首页
  • 本馆介绍
  • 公告通知
  • 最新文献
  • 馆藏检索
  • 电子资源
  • 读者导购
  • 参考咨询
  • 我的图书馆
  • 登录
  • 详细信息显示
  • 放入我的书架
  • 预约/预借图书
  • 作者相关作品
  • 分类相关作品
  • 丛书相关作品
  • 出版社相关作品

书目信息

  • 表格格式
  • 工作单格式
  • 卡片格式
题名:
生活中来——千方百计
    
 
作者: 赵春媛 主编
分册:  
出版信息: 北京   北京科学技术出版社  2005
页数: 24,596页
开本: 21cm
丛书名:
单 册:
中图分类: TS976.3
科图分类:
主题词: 家庭生活--知识 , 家庭生活
电子资源:
ISBN: 7-5304-3200-1
000 00768nam0 2200229 450
001 003001242
005 20061105084429.31
010    @a7-5304-3200-1@dCNY35.00
100    @a20051101d2005 em y0chiy0110 ea
101 0  @achi
102    @aCN@b110000
105    @ay z 000yy
200 1  @a生活中来——千方百计@9sheng huo zhong lai — — qian fang bai ji@f赵春媛主编
210    @a北京@c北京科学技术出版社@d2005
215    @a24,596页@d21cm
330    @a本书精选了与百姓过日子密切相关的资料千余篇,内容包括:“饮食天地”、“养生之道”、“品位情趣”、“购物理财”、“家政高参”等五个部分。
606 0  @a家庭生活@x知识
606 0  @a家庭生活
690    @aTS976.3@v4
701  0 @a赵春媛@9zhao chun yuan@4主编
801  0 @aCN@bNLC@c20061105
905    @a10447@dTS976.3@e150
    
    生活中来——千方百计/赵春媛主编.-北京:北京科学技术出版社,2005
    24,596页;21cm
    
    
    ISBN 7-5304-3200-1:CNY35.00
    本书精选了与百姓过日子密切相关的资料千余篇,内容包括:“饮食天地”、“养生之道”、“品位情趣”、“购物理财”、“家政高参”等五个部分。
●
相关链接 在E读中查询图书 在五车中查询图书 在当当中查询图书 在豆瓣中查询图书


正题名:生活中来——千方百计     索取号:TS976.3/150         预约/预借

序号 登录号 条形码 馆藏地/架位号 状态 备注
1 0380344   203803447   第二样本阅览室/ [索取号:TS976.3/150] 在馆    
2 0380345   203803456   第三借阅区/ [索取号:TS976.3/150] 在馆    
3 0380346   203803465   第三借阅区/ [索取号:TS976.3/150] 在馆    
唐山师范学院图书馆 欢迎您!
大连网信软件有限公司© 版权所有